Normal view
MARC view
Entry Personal Name
001 - CONTROL NUMBER
- control field: 58900
003 - CONTROL NUMBER IDENTIFIER
- control field: OSt
005 - DATE AND TIME OF LATEST TRANSACTION
- control field: 20260211145648.0
008 - FIXED-LENGTH DATA ELEMENTS
- fixed length control field: 260211|| aca||aabn | a|a d
040 ## - CATALOGING SOURCE
- Original cataloging agency: OSt
- Transcribing agency: OSt
100 ## - HEADING--PERSONAL NAME
- Personal name: Jaishree, Tejwani, Sejal and Dogga, Satyanarayana Murthy
670 ## - SOURCE DATA FOUND
- Source citation: Work cat.: (OSt): Jaishree, Tejwani, Sejal and Dogga, Satyanarayana Murthy , Evidence-based policy insights on fiscal governance of Indian states: A post-FRBM analysis
